Russkie poėty XVII-XIX vekov : sobranie biografiĭ /

Bibliographic Details
Other Authors: Ekimova, T. A., Li︠u︡strov, M. I︠U︡. (Mikhail I︠U︡rʹevich), Krylov, I͡U. I.
Format: Book
Language:Russian
Published: [Cheli︠a︡binsk] : Izd-vo "Ural L.T.D.", [2001]
Subjects:

MARC

Tag First Indicator Second Indicator Subfields
LEADER 00000cam a2200000 a 4500
001 in00001741069
005 20151025065835.0
008 030212s2001 ru 000 0crusoc
020 |a 5802901780 
035 |a (OCoLC)ocm51632555 
040 |a IUL  |c IUL  |d TXA  |d UtOrBLW 
042 |a pcc 
049 |a TXAM 
050 4 |a PG3046  |b .R88 2001 
245 0 0 |a Russkie poėty XVII-XIX vekov :  |b sobranie biografiĭ /  |c [kollektiv avtorov, T.A. Ekimov [and others] ; nauchnyĭ red., avtor stateĭ "Russkai︠a︡ poėzii︠a︡ XVII veka" i "Russkai︠a︡ poėzii︠a︡ XVIII veka", M. I︠U︡. Li︠u︡strov ; avtor stateĭ "Russkai︠a︡ poėzii︠a︡ XIX veka", I︠U︡. I. Krylov]. 
246 3 |a Russkie poėty semnadt︠s︡atogo-devi︠a︡tnadt︠s︡atogo vekov 
264 1 |a [Cheli︠a︡binsk] :  |b Izd-vo "Ural L.T.D.",  |c [2001] 
336 |a text  |b txt  |2 rdacontent 
337 |a unmediated  |b n  |2 rdamedia 
338 |a volume  |b nc  |2 rdacarrier 
500 |a "Spravochno-biograficheskoe izdanie"--Colophon. 
650 0 |a Poets, Russian  |v Biography. 
650 0 |a Russian poetry  |x History and criticism. 
700 1 |a Ekimova, T. A. 
700 1 |a Li︠u︡strov, M. I︠U︡.  |q (Mikhail I︠U︡rʹevich) 
700 1 |a Krylov, I͡U. I. 
948 |a cataloged  |b h  |c 2003/5/23  |d c  |e tchubaryan  |f 11:51:04 am 
994 |a E0  |b TXA 
999 |a MARS 
999 f f |s 1bd03e72-4af4-3e0b-87d7-86c02ba2dcb9  |i 0dbf8eab-1d8a-337e-b749-1fa2fd2b80e0  |t 0 
952 f f |p ric  |a Texas A&M University  |b Rellis Campus  |c Joint Library Facility  |d Remote Storage  |t 0  |e PG3046 .R88 2001  |h Library of Congress classification  |i unmediated -- volume  |m A14830105578 
998 f f |a PG3046 .R88 2001  |t 0  |l Remote Storage